Master Drawings

محفوظ في:

التنسيق: دورية

اللغة: Undetermined

منشور في: JSTOR
Master Drawings Association

الموضوعات:

الوصول للمادة أونلاين: Login to view Source

الوسوم: إضافة وسم

لا توجد وسوم, كن أول من يضع وسما على هذه التسجيلة!

رقم الطلب:

LEADER 00494nas a2200169Ia 4500
008 220214c99999999xx |||||||||||| ||und||
022 |a 0025-5025 
022 |a 2330-0515 
245 0 0 |a Master Drawings 
264 1 |b JSTOR 
264 1 |b Master Drawings Association 
362 0 |a Vol. 1(1963)-53 (2015) 
653 1 0 |a Arts 
856 4 0 |u https://www.jstor.org/journal/masterdrawings 
942 |c JL 
952 |0 0  |1 0  |4 0  |7 1  |9 36137  |a JSR  |b JSR  |d 2022-02-14  |l 0  |r 2022-02-14 00:00:00  |w 2022-02-14  |y JL 
999 |c 44470  |d 44470